Determinanty vývoja menového kurzu EUR/USD

Vývoj vzájomného kurzu eura a dolára patrí k najsledovanejším veličinám v súčasnosti. Je tomu tak z mnohých dôvodov, medzi ktoré patrí fakt, že vzájomný kurz eura a dolára predstavuje určité porovnanie stavu a výkonnosti dvoch hospodársky najvyspelejších ekonomických celkov sveta, či skutočnosť, že...

Ausführliche Beschreibung

Gespeichert in:
Bibliographische Detailangaben
1. Verfasser: Moravová, Julianna
Format: Buchkapitel
Sprache:Slowakisch
Schlagworte:
Tags: Tag hinzufügen
Keine Tags, Fügen Sie das erste Tag hinzu!

MARC

LEADER 00000nla$a2200000$$$4500
001 0105279
005 20240502072147.6
041 0 |a slo 
044 |a SK 
245 1 0 |a Determinanty vývoja menového kurzu EUR/USD  |c Julianna Moravová 
520 |a Vývoj vzájomného kurzu eura a dolára patrí k najsledovanejším veličinám v súčasnosti. Je tomu tak z mnohých dôvodov, medzi ktoré patrí fakt, že vzájomný kurz eura a dolára predstavuje určité porovnanie stavu a výkonnosti dvoch hospodársky najvyspelejších ekonomických celkov sveta, či skutočnosť, že v týchto dvoch menách sú denominované značné objemy devízových rezerv takmer všetkých krajín sveta. Najdôležitejšie faktory, ktoré ovplyvňovali vývoj dolára a eura od roku 1999 až po súčasnosť. 
610 2 0 |a peniaze 
610 2 0 |a mena 
610 2 0 |a politika menová 
610 2 0 |a euro 
610 2 0 |a dolár 
610 2 0 |a bilancia platobná 
610 2 0 |a miera úroková 
610 2 0 |a inflácia 
610 2 0 |a produkt domáci hrubý 
100 1 |a Moravová, Julianna